[Event "GER-chB U25"]
[Site "Oberhof"]
[Date "2011.06.16"]
[Round "7"]
[White "Niewrzol, Anton"]
[Black "Holle, Niklas"]
[Result "0-1"]
[WhiteElo "835"]
[BlackElo "1060"]
[PlyCount "56"]
[EventDate "2011.06.11"]
[EventType "swiss"]
[EventRounds "9"]
[EventCountry "GER"]
[SourceTitle "CBM 142 Extra"]
[Source "ChessBase"]
[SourceDate "2011.06.27"]
[SourceVersion "1"]
[SourceVersionDate "2011.06.27"]
[SourceQuality "1"]

1. e4 e6 2. Nc3 d5 3. d3 c5 4. b3 Nc6 5. Nf3 Bd6 6. Ba3 Qa5 7. Bb2 d4 8. Qd2 dxc3 9. Bxc3 Qc7 10. Be2 Nge7 11. 0-0 0-0 12. Qe3 b6 13. e5 Nxe5 14. Nxe5 Nd5 15. Qe4 Nxc3 16. Qe3 Nxe2+ 17. Qxe2 Bxe5 18. Qf3 Bb7 19. Qe3 Bd4 20. Qd2 Bxa1 21. Rxa1 Qc6 22. f3 e5 23. Kf2 Qh6 24. Qxh6 gxh6 25. g4 f6 26. Re1 Kf7 27. h3 Rad8 28. a4 Rd4 0-1

[Event "GER-ch U25 op"]
[Site "Willingen"]
[Date "2008.05.13"]
[Round "5"]
[White "Holle, Niklas"]
[Black "Palm, Adrian"]
[Result "0-1"]
[WhiteElo "700"]
[BlackElo "915"]
[PlyCount "78"]
[EventDate "2008.05.11"]
[EventType "swiss"]
[EventRounds "9"]
[EventCountry "GER"]
[SourceTitle "CBM 124 Extra"]
[Source "ChessBase"]
[SourceDate "2008.07.03"]
[SourceVersion "1"]
[SourceVersionDate "2008.07.03"]
[SourceQuality "1"]

1. e4 e6 2. Nf3 d5 3. e5 Nc6 4. Nc3 d4 5. Ne4 Be7 6. c3 dxc3 7. dxc3 Qxd1+ 8. Kxd1 Nh6 9. Bb5 Bd7 10. Bg5 Bxg5 11. Nexg5 Ng4 12. Ke2 Ncxe5 13. Bxd7+ Nxd7 14. Rhe1 0-0 15. Kf1 h6 16. Rad1 Rad8 17. Ne4 Nb6 18. Rc1 Nc4 19. h3 Nge5 20. Nxe5 Nxe5 21. b4 Nd3 22. Rb1 Nxe1 23. Rxe1 b6 24. c4 Rd4 25. Nc3 Rxc4 26. Nb5 Rxb4 27. Nxc7 Rc8 28. Na6 Ra4 29. Kg1 Rxa6 30. Re2 Rc1+ 31. Kh2 Ra1 32. Rd2 R6xa2 33. Rd8+ Kh7 34. Kg3 Rf1 35. f4 Rff2 36. Kh4 Rxf4+ 37. g4 Ra3 38. Rf8 g5+ 39. Kh5 Rxh3# 0-1

[Event "GER-ch U25 op"]
[Site "Willingen"]
[Date "2008.05.11"]
[Round "1"]
[White "Holle, Niklas"]
[Black "Paulus, Jeffrey"]
[Result "0-1"]
[WhiteElo "700"]
[BlackElo "1674"]
[PlyCount "50"]
[EventDate "2008.05.11"]
[EventType "swiss"]
[EventRounds "9"]
[EventCountry "GER"]
[SourceTitle "CBM 124 Extra"]
[Source "ChessBase"]
[SourceDate "2008.07.03"]
[SourceVersion "1"]
[SourceVersionDate "2008.07.03"]
[SourceQuality "1"]

1. e4 e5 2. Nf3 Nf6 3. Nc3 Nc6 4. Bc4 Bc5 5. 0-0 0-0 6. d3 h6 7. h3 d6 8. Re1 Na5 9. Bb5 c6 10. Ba4 b5 11. Bb3 Qb6 12. a4 Nxb3 13. cxb3 Bxf2+ 14. Kf1 Bxe1 15. Kxe1 b4 16. Ne2 a5 17. Nh2 Bb7 18. Nf1 d5 19. exd5 cxd5 20. Ng1 d4 21. Qe2 Qc6 22. Qxe5 Rfe8 23. Qxe8+ Rxe8+ 24. Kd1 Qxg2 25. Ne2 Qxe2# 0-1